Historické pramene sú v Amerike Príloha

Bez kukurice by nebolo možné zabezpečiť výživu ľudí v rozvojových krajinách. Najväčší producent - USA. Cena kukurice. Prehľad obchodovaného objemu kukurice na Chicagskej termínovej burze od r.1985-1993. Mimoburzový vývoj.

Guardado en:
Detalles Bibliográficos
Autor principal: Masár, I.
Formato: Capítulo de libro
Lenguaje:eslovaco
Materias:
Etiquetas: Agregar Etiqueta
Sin Etiquetas, Sea el primero en etiquetar este registro!

MARC

LEADER 00000naa a2200000 4500
001 r019761
005 20251104124015.7
041 0 |a slo 
044 |a SK 
245 1 0 |a Historické pramene sú v Amerike  |b Príloha  |c I. Masár 
520 |a Bez kukurice by nebolo možné zabezpečiť výživu ľudí v rozvojových krajinách. Najväčší producent - USA. Cena kukurice. Prehľad obchodovaného objemu kukurice na Chicagskej termínovej burze od r.1985-1993. Mimoburzový vývoj. 
610 2 0 |a komodity 
610 2 0 |a kukurica 
610 2 0 |a USA 
610 2 0 |a ceny burzové 
610 2 0 |a obchody burzové 
100 1 |a Masár, I.